Normal view
MARC view
Entry Topical Term
001 - CONTROL NUMBER
- control field: 9436
003 - CONTROL NUMBER IDENTIFIER
- control field: PK-LaUMT
005 - DATE AND TIME OF LATEST TRANSACTION
- control field: 20260224091813.0
008 - FIXED-LENGTH DATA ELEMENTS
- fixed length control field: 260224|| aca||aabn | a|a d
040 ## - CATALOGING SOURCE
- Original cataloging agency: PK-LaUMT
- Transcribing agency: PK-LaUMT
150 ## - HEADING--TOPICAL TERM
- Topical term or geographic name as entry element: Dentistry operative
670 ## - SOURCE DATA FOUND
- Source citation: Work cat.: (PK-LaUMT)139857: Ritter, Andre V. 9435, Sturdevant's art and science of operative dentistry /, 2026
